Global carbon cycle and climate change
Αποθηκεύτηκε σε:
| Κύριος συγγραφέας: | |
|---|---|
| Άλλοι συγγραφείς: | , |
| Μορφή: | Βιβλίο |
| Γλώσσα: | English |
| Δημοσίευση: |
Berlin :
Springer,
c2003
|
| Θέματα: | |
| Ετικέτες: |
Προσθήκη ετικέτας
Δεν υπάρχουν, Καταχωρήστε ετικέτα πρώτοι!
|
MARC
| LEADER | 00000nam a2200000 i 4500 | ||
|---|---|---|---|
| 001 | 1/93644 | ||
| 008 | 080911s2003 eng d | ||
| 020 | |a 978-3-540-00809-5 | ||
| 020 | |a 3-540-00809-8 | ||
| 035 | |l 10100061 | ||
| 040 | |a GR-MY-UA |b gre |e aacr | ||
| 041 | 0 | |a eng | |
| 082 | 0 | |a 363.73874 |2 (22) | |
| 100 | 1 | |a Kondrat'ev, K. IA. |q (Kirill IAkovlevich) | |
| 245 | 1 | 0 | |a Global carbon cycle and climate change / |c Kirill Ya. Kondratyev, Vladimir F. Krapivin, and Costas A. Varotsos |
| 260 | |a Berlin : |b Springer, |c c2003 | ||
| 300 | |a xxii, 368 σ.; |b εικ., πίν.; |c 25 εκ. | ||
| 504 | |a Βιβλιογραφία: σ. [321]-351 | ||
| 504 | |a Ευρετήριο: σ. [353]-368 | ||
| 650 | 0 | 0 | |a Climatic changes. |
| 650 | 0 | 0 | |a Carbon cycle (Biogeochemistry) |
| 700 | 1 | |a Krapivin, V. F. |q (Vladimir Fedorovich) | |
| 700 | 1 | |a Βαρώτσος, Κώστας Αντ., |d 1956- | |
| 852 | |a INST |b LESVOS |e 20080911 |h 363.73874 KON |p 005100044439 |q 005100044439 |t BK |y 0 | ||
| 901 | |a BIBL1-2008-3 | ||
| 909 | |a Λ |b 144709 | ||
| 922 | |a 1ΕΛΗ |b 200801 |c ΕΠΕΑΕΚ2/ΤΕΘ |d ΠΑΠΑΣΩΤΗΡΙΟΥ | ||
| 970 | |a ΓΙΑΛΑΜΑ |b ΜΑΡΙΑ |z 2008/09/11 | ||